Bursa-ösztöndíj több mint 1300 településen Rászoruló diákokat támogatnak

Elmentve itt :
Bibliográfiai részletek
Dokumentumtípus: Cikk
Megjelent: 2001-10-01
Sorozat:Délmagyarország
Kulcsszavak:Bursa Hungarica
Online Access:http://univ.bibl.u-szeged.hu/20237
LEADER 00483nab a2200157 i 4500
001 univ20237
005 20171214104642.0
008 171214s2001 hu o 0|| zxx d
040 |a SZTE UnivHistória Repozitórium  |b hun 
041 |a zxx 
245 0 0 |a Bursa-ösztöndíj több mint 1300 településen   |h [elektronikus dokumentum] :  |b Rászoruló diákokat támogatnak 
260 |c 2001-10-01 
300 |a 8 
490 0 |a Délmagyarország 
561 |a Egyetemi hirarchívum 
695 |a Bursa Hungarica